000 00859nam a22002297a 4500
005 20080926152134.0
008 080926t xxu||||| |||| 00| 0 eng d
010 _aENG-91059
020 _a9788184500738
_c950.00
035 _aEN-74592
037 _bDBAD / PUB
040 _aDPL
082 _a361.3
100 _aBhattacharya, Sanjay
245 _aSocial work interventions and management /
_cby Sanjay Bhattacharya; foreword by Jayakumar Christian
260 _aNew Delhi
_bDeep & Deep Publications
_c2008
300 _axxx, 286p.
_c23cm.(Hb)
500 _aIncludes bibliographical references and index
650 _aSocial service
942 _2ddc
_cEN
_h361.3
_mBHA
999 _c15751
_d15751